000 00361nam a22001577a 4500
003 MPLRDC
005 20220104123642.0
008 210129b ||||| |||| 00| 0 eng d
082 _a411.1 ZL
100 _a钟绫编
245 _a健康小偏方
_c
260 _a
_b满庭芳出版社
_c1991
300 _b
650 _a健康法
942 _cBK
_o411.1 ZL
999 _c13111
_d13101